El nacimiento del Nuevo Testamento / (Record no. 189441)

MARC details
000 -LEADER
campo de control de longitud fija 00771nam a2200205 i 4500
001 - NÚMERO DE CONTROL
campo de control 189441
003 - IDENTIFICADOR DE NÚMERO DE CONTROL
campo de control ES-MaACL
005 - FECHA Y HORA DE LA ÚLTIMA TRANSACCIÓN
campo de control 20230906223456.0
008 - DATOS DE LONGITUD FIJA--INFORMACIÓN GENERAL
campo de control de longitud fija 190603s1974 sp |||| | spa d
100 1# - ENTRADA PRINCIPAL--NOMBRE DE PERSONA
Nombre de persona Moule, Charles Francis Digby.
9 (RLIN) 83857
245 13 - MENCIÓN DEL TÍTULO
Título El nacimiento del Nuevo Testamento /
Mención de responsabilidad, etc. Ch. F. Digby Moule ; [tradujo Ramón Valdés del Toro].
260 ## - PUBLICACIÓN, DISTRIBUCIÓN, ETC.
Lugar de publicación, distribución, etc. Estella [Navarra] :
Nombre del editor, distribuidor, etc. Verbo Divino,
Fecha de publicación, distribución, etc. 1974.
300 ## - DESCRIPCIÓN FÍSICA
Extensión 404 p. ;
Dimensiones 19 cm.
490 1# - MENCIÓN DE SERIE
Mención de serie Colección "Biblia y Kerygma". Temas de Pastoral Bíblica ;
Designación de volumen o secuencia 16
630 04 - PUNTO DE ACCESO ADICIONAL DE MATERIA--TÍTULO UNIFORME
Título uniforme Biblia-
Subdivisión general Introducciones.
9 (RLIN) 167053
700 0# - ENTRADA AGREGADA--NOMBRE PERSONAL
Nombre de persona Valdés del Toro, Ramón.
9 (RLIN) 112520
830 0# - PUNTO DE ACCESO ADICIONAL DE SERIE-TÍTULO UNIFORME
Título uniforme Colección "Biblia y Kerygma". Temas de Pastoral Bíblica ;
Designación de volumen o secuencia 16
9 (RLIN) 183845
852 ## - LOCALIZACIÓN
Ubicación ES-MaACL
Número de control de estantería P-565-Bis-16
Holdings
Estatus retirado Estado de pérdida Estado de daño No para préstamo Biblioteca de origen Biblioteca actual Ubicación en estantería Fecha de adquisición Fuente de adquisición Total de préstamos Signatura topográfica completa Código de barras Visto por última vez Precio de reemplazo Tipo de ítem Koha
        Biblioteca del Ateneo de Madrid Biblioteca del Ateneo de Madrid Depósito 2 03/06/2019     P-565-Bis-16 1200716 23/02/2023 23/02/2023 Libro impreso